[Event "CZE-chT1W 2122"]
[Site "Czech Republic"]
[Date "2022.03.27"]
[Round "11.3"]
[White "Lacina, Filip"]
[Black "Svacina, Tobias"]
[Result "1/2-1/2"]
[WhiteElo "1978"]
[BlackElo "1672"]
[PlyCount "90"]
[EventDate "2021.10.10"]
[EventType "team-tourn"]
[EventRounds "11"]
[EventCountry "CZE"]
[SourceTitle "EXT 2023"]
[Source "ChessBase"]
[SourceDate "2022.10.05"]
[SourceVersion "1"]
[SourceVersionDate "2022.10.05"]
[SourceQuality "1"]
[WhiteTeam "Vysehrad SK Sokol"]
[BlackTeam "Praha Oaza"]
[WhiteTeamCountry "CZE"]
[BlackTeamCountry "CZE"]

1. e4 e5 2. Nf3 Nc6 3. Bb5 a6 4. Ba4 Nf6 5. 0-0 Be7 6. Re1 b5 7. Bb3 0-0 8. c3 d5 9. exd5 Nxd5 10. Nxe5 Nxe5 11. Rxe5 c6 12. d4 Bd6 13. Re1 Qh4 14. g3 Qh3 15. Be3 Ra7 16. a4 Re7 17. Bxd5 cxd5 18. Qf3 Rfe8 19. Nd2 b4 20. Nf1 Re4 21. Qg2 Qh5 22. f3 R4e6 23. Bd2 bxc3 24. Bxc3 Bd7 25. a5 Bb5 26. Rxe6 Rxe6 27. Re1 Rxe1 28. Bxe1 Qf5 29. Ne3 Qd3 30. Qf2 f5 31. Bc3 h5 32. f4 Qe4 33. Ng2 Kf7 34. Qe3 Bd3 35. Kf2 Ke6 36. Qxe4+ Bxe4 37. Ne3 Kd7 38. Nf1 Kc6 39. Nd2 g6 40. Ke2 Kb5 41. Kf2 Bb4 42. Bxb4 Kxb4 43. Ke3 Kxa5 44. Ke2 Kb4 45. Ke3 a5 1/2-1/2

[Event "CZE-chT2A 1920"]
[Site "Czech Republic"]
[Date "2020.06.28"]
[Round "11.7"]
[White "Pacovsky, Ota"]
[Black "Lacina, Filip"]
[Result "1/2-1/2"]
[WhiteElo "1756"]
[BlackElo "1972"]
[PlyCount "45"]
[EventDate "2019.10.13"]
[EventType "team-tourn"]
[EventRounds "11"]
[EventCountry "CZE"]
[SourceTitle "EXT 2024"]
[Source "ChessBase"]
[SourceDate "2023.10.10"]
[SourceVersion "1"]
[SourceVersionDate "2023.10.10"]
[SourceQuality "1"]
[WhiteTeam "Praha Mahrla"]
[BlackTeam "Vysehrad II"]
[WhiteTeamCountry "CZE"]
[BlackTeamCountry "CZE"]

1. d4 d5 2. Nf3 e6 3. Bg5 Nf6 4. e3 c5 5. Bb5+ Bd7 6. Bxd7+ Nbxd7 7. 0-0 Be7 8. Nbd2 0-0 9. c4 cxd4 10. Nxd4 Ne5 11. Qb3 dxc4 12. Nxc4 Nxc4 13. Qxc4 Rc8 14. Qb3 Nd5 15. Bxe7 Qxe7 16. Rad1 a6 17. a3 b5 18. Nf5 Qc5 19. e4 Nf4 20. Qf3 exf5 21. Qxf4 fxe4 22. Qxe4 Rfe8 23. Qf3 1/2-1/2

[Event "CZE-chT2A 1920"]
[Site "Czech Republic"]
[Date "2020.01.12"]
[Round "6.5"]
[White "Lacina, Filip"]
[Black "Ptacnik, Stanislav"]
[Result "1/2-1/2"]
[WhiteElo "1972"]
[BlackElo "2016"]
[PlyCount "84"]
[EventDate "2019.10.13"]
[EventType "team-tourn"]
[EventRounds "11"]
[EventCountry "CZE"]
[SourceTitle "EXT 2024"]
[Source "ChessBase"]
[SourceDate "2023.10.10"]
[SourceVersion "1"]
[SourceVersionDate "2023.10.10"]
[SourceQuality "1"]
[WhiteTeam "Vysehrad II"]
[BlackTeam "Domazlice"]
[WhiteTeamCountry "CZE"]
[BlackTeamCountry "CZE"]

1. e4 e5 2. d3 Nc6 3. Nf3 Nf6 4. g3 Be7 5. Bg2 0-0 6. 0-0 d5 7. Nbd2 d4 8. Nc4 Nd7 9. a4 Kh8 10. Bd2 a5 11. h4 f6 12. h5 Nc5 13. Nh4 Qe8 14. f4 exf4 15. Bxf4 Ne5 16. Bxe5 fxe5 17. Rxf8+ Bxf8 18. Qf3 Ra6 19. Rf1 Rf6 20. Qe2 Nxa4 21. Rxf6 gxf6 22. Qf1 Be7 23. Bh3 Nc5 24. Bxc8 Qxc8 25. Nf5 Qe8 26. Qh3 Ne6 27. Nxa5 Bb4 28. Nb3 Qg8 29. Kh2 Bf8 30. Nd2 Ng5 31. Qf1 Qf7 32. g4 b5 33. Kg3 c5 34. Qa1 c4 35. Qa8 c3 36. bxc3 dxc3 37. Nb3 Ne6 38. Qc8 b4 39. Qc4 Ng5 40. Qc8 Ne6 41. Kf3 Qg8 42. Qc6 Ng5+ 1/2-1/2

[Event "CZE-chT2A 1920"]
[Site "Czech Republic"]
[Date "2019.11.03"]
[Round "2.8"]
[White "Lacina, Filip"]
[Black "Pazdera, Jaroslav"]
[Result "0-1"]
[WhiteElo "1972"]
[BlackElo "1951"]
[PlyCount "110"]
[EventDate "2019.10.13"]
[EventType "team-tourn"]
[EventRounds "11"]
[EventCountry "CZE"]
[SourceTitle "EXT 2024"]
[Source "ChessBase"]
[SourceDate "2023.10.10"]
[SourceVersion "1"]
[SourceVersionDate "2023.10.10"]
[SourceQuality "1"]
[WhiteTeam "Vysehrad II"]
[BlackTeam "Vlasim II"]
[WhiteTeamCountry "CZE"]
[BlackTeamCountry "CZE"]

1. e4 e5 2. Nf3 Nc6 3. Bb5 Bc5 4. 0-0 Nge7 5. c3 a6 6. Ba4 b5 7. Bb3 d6 8. d4 Bb6 9. h3 h6 10. a4 b4 11. dxe5 bxc3 12. exd6 cxb2 13. Bxb2 Qxd6 14. Qxd6 cxd6 15. Bxg7 Rg8 16. Bxh6 Bxh3 17. Ng5 Be6 18. Nxe6 fxe6 19. Bf4 Kd7 20. Nd2 Rg4 21. Nc4 Bd4 22. Be3 Rag8 23. g3 Bxa1 24. Rxa1 Rxe4 25. Rd1 d5 26. f3 Rxe3 27. Nxe3 Rxg3+ 28. Kf2 Rh3 29. Bc4 Ne5 30. Bxa6 Rxf3+ 31. Ke2 Rf4 32. Bb5+ Kd6 33. Rh1 Re4 34. Kf2 d4 35. Nc4+ Nxc4 36. Bxc4 e5 37. Rh7 Nc6 38. Bb5 Nb4 39. Rd7+ Kc5 40. Rc7+ Kb6 41. Rd7 Na2 42. Rd6+ Ka5 43. Ra6+ Kb4 44. Ra8 Nc3 45. Bc6 Rf4+ 46. Ke1 e4 47. a5 Rf6 48. Bxe4 Nxe4 49. a6 d3 50. a7 d2+ 51. Ke2 Rf2+ 52. Ke3 d1Q 53. Rb8+ Kc4 54. Rc8+ Nc5 55. Kxf2 Qd4+ 0-1

[Event "Prague Summer op-A 6th"]
[Site "Prague"]
[Date "2019.08.04"]
[Round "3"]
[White "Slampa, Jan"]
[Black "Lacina, Filip"]
[Result "1-0"]
[WhiteElo "2245"]
[BlackElo "2012"]
[PlyCount "79"]
[EventDate "2019.08.02"]
[EventType "swiss"]
[EventRounds "9"]
[EventCountry "CZE"]
[SourceTitle "CBM 191 Extra"]
[Source "ChessBase"]
[SourceDate "2019.09.30"]
[SourceVersion "1"]
[SourceVersionDate "2019.09.30"]
[SourceQuality "1"]

1. d4 f5 2. Nf3 g6 3. g3 Bg7 4. Bg2 Nf6 5. 0-0 0-0 6. Re1 c6 7. Nbd2 Ne4 8. c3 Qe8 9. Ne5 Nxd2 10. Bxd2 d6 11. Nd3 e5 12. dxe5 dxe5 13. e4 f4 14. gxf4 exf4 15. Bxf4 Na6 16. Bd6 Be6 17. Bxf8 Qxf8 18. Qc2 Nc5 19. Nxc5 Qxc5 20. e5 Rf8 21. b4 Qe7 22. Rad1 Bh6 23. Rd3 Qh4 24. Rg3 Bf4 25. a3 g5 26. Qd3 g4 27. Qd6 Kf7 28. Qd4 Qg5 29. Qxa7 Kg8 30. Qc5 h5 31. Qd6 Re8 32. Re4 h4 33. Rxf4 Qxf4 34. Re3 Kh8 35. Qd4 Qg5 36. c4 Rd8 37. Qc3 h3 38. Bf1 Rf8 39. Qd2 Rd8 40. Rxh3+ 1-0

[Event "Prague Summer op-A 5th"]
[Site "Prague"]
[Date "2018.08.10"]
[Round "9"]
[White "Zhukenov, Aituar"]
[Black "Lacina, Filip"]
[Result "1-0"]
[WhiteElo "2025"]
[BlackElo "1936"]
[PlyCount "117"]
[EventDate "2018.08.03"]
[EventType "swiss"]
[EventRounds "9"]
[EventCountry "CZE"]
[SourceTitle "CBM 185 Extra"]
[Source "ChessBase"]
[SourceDate "2018.07.29"]
[SourceVersion "1"]
[SourceVersionDate "2018.07.29"]
[SourceQuality "1"]

1. e4 d6 2. d4 Nf6 3. Nc3 e5 4. Nge2 exd4 5. Nxd4 Be7 6. Bf4 a6 7. Qd2 0-0 8. f3 b5 9. 0-0-0 c5 10. Nf5 Bxf5 11. exf5 Nc6 12. Ne4 Qb6 13. h4 d5 14. Nxf6+ Bxf6 15. Bg5 Nd4 16. Qf4 Rfe8 17. c3 Be5 18. Qg4 Rac8 19. cxd4 cxd4+ 20. Kb1 h5 21. Qh3 d3 22. Bxd3 Bxb2 23. g4 Qa5 24. Qg2 Bd4 25. Qd2 Bc3 26. Qc2 Qb4+ 27. Qb3 Qa5 28. Rc1 d4 29. Rc2 Rc4 30. a3 Rb4 31. Rxc3 Rxb3+ 32. Rxb3 hxg4 33. fxg4 Re1+ 34. Rxe1 Qxe1+ 35. Bc1 Qxh4 36. g5 Qh1 37. Bc2 Qd5 38. Kb2 Kf8 39. Bd3 Qg2+ 40. Kb1 Qd5 41. Rb4 g6 42. fxg6 fxg6 43. Bb2 Qxg5 44. Rxd4 Qe3 45. Ka1 g5 46. Bf5 a5 47. Ka2 a4 48. Rb4 Qc5 49. Bg4 Qd5+ 50. Kb1 Qd3+ 51. Ka1 Ke7 52. Rd4 Qf1+ 53. Rd1 Qc4 54. Rd7+ Ke8 55. Rd4 Qf1+ 56. Rd1 Qc4 57. Re1+ Kf7 58. Bh5+ Kg8 59. Bg6 1-0

[Event "Prague Summer op-A 5th"]
[Site "Prague"]
[Date "2018.08.07"]
[Round "6"]
[White "Lacina, Filip"]
[Black "Slacky, Stanislav"]
[Result "1/2-1/2"]
[WhiteElo "1936"]
[BlackElo "2138"]
[PlyCount "157"]
[EventDate "2018.08.03"]
[EventType "swiss"]
[EventRounds "9"]
[EventCountry "CZE"]
[SourceTitle "CBM 185 Extra"]
[Source "ChessBase"]
[SourceDate "2018.07.29"]
[SourceVersion "1"]
[SourceVersionDate "2018.07.29"]
[SourceQuality "1"]

1. e4 Nf6 2. e5 Nd5 3. d4 d6 4. Nf3 dxe5 5. Nxe5 g6 6. Bc4 c6 7. Nc3 Be6 8. Ne4 Nc7 9. Qe2 Bg7 10. c3 0-0 11. 0-0 Bxc4 12. Qxc4 Nd5 13. Re1 Nd7 14. Nc5 b5 15. Qe2 Bxe5 16. Nxd7 Bxh2+ 17. Kxh2 Qxd7 18. Bh6 Rfe8 19. Qe5 Qd6 20. a4 b4 21. cxb4 Nxb4 22. Qxd6 exd6 23. Rxe8+ Rxe8 24. Be3 f6 25. Rc1 Rc8 26. a5 a6 27. Rc3 Kf7 28. Rb3 Nd5 29. Rb7+ Rc7 30. Rb8 Re7 31. Ra8 Nc7 32. Ra7 Ke6 33. d5+ Nxd5 34. Rxa6 Nxe3 35. fxe3 Kd5 36. Rb6 Rxe3 37. a6 Re1 38. Rb3 Re8 39. Rb7 Ra8 40. a7 h5 41. Kg3 c5 42. Kf4 Ke6 43. g3 g5+ 44. Ke3 Kf5 45. Kf3 Ke6 46. Ke3 d5 47. b3 h4 48. gxh4 gxh4 49. Kf4 d4 50. b4 cxb4 51. Rxb4 Kd5 52. Rb7 h3 53. Kg3 Ke4 54. Re7+ Kd3 55. Kxh3 Kc2 56. Rc7+ Kd2 57. Kg3 d3 58. Kf2 Kd1 59. Rd7 d2 60. Rb7 f5 61. Kf1 Kc2 62. Rc7+ Kd3 63. Rd7+ Ke3 64. Re7+ Kf3 65. Rd7 Rxa7 66. Rd3+ Ke4 67. Rxd2 Ra3 68. Kf2 Rf3+ 69. Kg2 Re3 70. Ra2 f4 71. Ra4+ Kf5 72. Ra8 Rb3 73. Rf8+ Ke4 74. Re8+ Kd4 75. Kf2 Re3 76. Rxe3 fxe3+ 77. Ke2 Ke4 78. Ke1 e2 79. Kxe2 1/2-1/2

[Event "CZE-chT1W 1617"]
[Site "Czech Republic"]
[Date "2017.03.05"]
[Round "9.3"]
[White "Lacina, Filip"]
[Black "Nidl, Petr"]
[Result "0-1"]
[WhiteElo "1974"]
[BlackElo "2168"]
[PlyCount "98"]
[EventDate "2016.10.16"]
[EventType "team-tourn"]
[EventRounds "11"]
[EventCountry "CZE"]
[SourceTitle "CBM 177 Extra"]
[Source "ChessBase"]
[SourceDate "2017.04.27"]
[SourceVersion "1"]
[SourceVersionDate "2017.04.27"]
[SourceQuality "1"]
[WhiteTeam "Vysehrad"]
[BlackTeam "Ceske Budejovice"]
[WhiteTeamCountry "CZE"]
[BlackTeamCountry "CZE"]

1. Nf3 Nf6 2. d3 g6 3. e4 d6 4. g3 Bg7 5. Bg2 0-0 6. 0-0 Nc6 7. Nbd2 Bd7 8. d4 e5 9. dxe5 Nxe5 10. Nxe5 dxe5 11. Re1 Qe7 12. c3 Bc6 13. a4 a5 14. Qc2 Rfd8 15. Nb3 Qe8 16. Nd2 b6 17. Nf1 Rd6 18. Bg5 h6 19. Bxf6 Bxf6 20. Ne3 Rad8 21. Nd5 Qd7 22. Rad1 Kg7 23. Ra1 Ra8 24. h4 Bd8 25. c4 Bb7 26. Qc3 c6 27. Ne3 Bf6 28. Rad1 Rd4 29. Rxd4 exd4 30. Qd3 Re8 31. b3 Qc8 32. Nf1 g5 33. hxg5 hxg5 34. f4 gxf4 35. gxf4 c5 36. Bh3 Qc6 37. Ng3 Rg8 38. Kh2 Kf8 39. Nf5 Qc7 40. e5 Qc6 41. Qd2 Bd8 42. Qf2 d3 43. Rg1 Rg6 44. Rxg6 fxg6 45. Nd6 Bh4 46. Qf1 Qf3 47. Nxb7 Qg3+ 48. Kh1 d2 49. f5 Qe1 0-1

[Event "Klatovy op 22nd"]
[Site "Klatovy"]
[Date "2016.07.10"]
[Round "9"]
[White "Lacina, Filip"]
[Black "Sysel, Jaroslav"]
[Result "1-0"]
[WhiteElo "1981"]
[BlackElo "1879"]
[PlyCount "89"]
[EventDate "2016.07.02"]
[EventType "swiss"]
[EventRounds "9"]
[EventCountry "CZE"]
[SourceTitle "CBM 173 Extra"]
[Source "ChessBase"]
[SourceDate "2016.08.29"]
[SourceVersion "1"]
[SourceVersionDate "2016.08.29"]
[SourceQuality "1"]

1. Nf3 Nf6 2. g3 b6 3. d3 Bb7 4. Bg2 g6 5. 0-0 Bg7 6. e4 d6 7. Nbd2 0-0 8. Qe2 Nbd7 9. Re1 c5 10. Nh4 e6 11. f4 Qc7 12. Ndf3 Rac8 13. c4 Nb8 14. Bd2 Rce8 15. h3 Nc6 16. g4 Kh8 17. f5 exf5 18. gxf5 Ne5 19. Bf4 Nfd7 20. Rad1 Nxf3+ 21. Bxf3 Ne5 22. Bg4 Qe7 23. Ng2 g5 24. Bg3 Nc6 25. Ne3 Nd4 26. Qf2 Be5 27. Rf1 Bxg3 28. Qxg3 Qe5 29. Qg2 f6 30. Bh5 Rc8 31. Rd2 Bc6 32. Qg4 Be8 33. Rg2 Rc7 34. Kh1 Rg7 35. Nd5 Bf7 36. Bxf7 Rfxf7 37. Qh5 Nc6 38. a3 Ne7 39. Nc7 g4 40. Ne6 g3 41. Rf3 Nc6 42. Nxg7 Rxg7 43. Qh4 Nd4 44. Rfxg3 Rxg3 45. Qxg3 1-0

[Event "Klatovy op 22nd"]
[Site "Klatovy"]
[Date "2016.07.07"]
[Round "6"]
[White "Kotal, Vaclav"]
[Black "Lacina, Filip"]
[Result "1-0"]
[WhiteElo "1886"]
[BlackElo "1981"]
[PlyCount "65"]
[EventDate "2016.07.02"]
[EventType "swiss"]
[EventRounds "9"]
[EventCountry "CZE"]
[SourceTitle "CBM 173 Extra"]
[Source "ChessBase"]
[SourceDate "2016.08.29"]
[SourceVersion "1"]
[SourceVersionDate "2016.08.29"]
[SourceQuality "1"]

1. e4 c5 2. Nf3 e6 3. d4 cxd4 4. Nxd4 a6 5. Nc3 Qc7 6. Bd3 Bc5 7. Nb3 Be7 8. 0-0 Nf6 9. Qe2 d6 10. f4 Nbd7 11. Bd2 b6 12. Rae1 Bb7 13. e5 Nd5 14. exd6 Bxd6 15. Nxd5 Bxd5 16. c4 Bb7 17. Kh1 0-0-0 18. c5 bxc5 19. Ba5 Nb6 20. Nd2 Bd5 21. Bxa6+ Kb8 22. Nc4 Bxc4 23. Bxc4 Qa7 24. Bxb6 Qxb6 25. Rf3 Kc7 26. f5 f6 27. fxe6 Be5 28. Rb3 Qd6 29. Qe4 Rb8 30. Ra3 Rb7 31. Ra6 Qd2 32. e7 Qd7 33. Bd5 1-0

[Event "Klatovy op 22nd"]
[Site "Klatovy"]
[Date "2016.07.04"]
[Round "3"]
[White "Lacina, Filip"]
[Black "Spicka, Jan"]
[Result "1/2-1/2"]
[WhiteElo "1981"]
[BlackElo "1833"]
[PlyCount "51"]
[EventDate "2016.07.02"]
[EventType "swiss"]
[EventRounds "9"]
[EventCountry "CZE"]
[SourceTitle "CBM 173 Extra"]
[Source "ChessBase"]
[SourceDate "2016.08.29"]
[SourceVersion "1"]
[SourceVersionDate "2016.08.29"]
[SourceQuality "1"]

1. e4 c5 2. Nf3 Nc6 3. Nc3 e5 4. Bc4 Be7 5. d3 d6 6. Nd2 Bg5 7. h4 Bh6 8. Nf1 Bxc1 9. Qxc1 Nf6 10. Ne3 Be6 11. Ncd5 0-0 12. a3 a6 13. f3 b5 14. Ba2 Rc8 15. c3 Bxd5 16. Nxd5 Nxd5 17. Bxd5 Ne7 18. c4 Nxd5 19. exd5 f5 20. g3 e4 21. dxe4 fxe4 22. f4 Qa5+ 23. Qd2 Qxd2+ 24. Kxd2 bxc4 25. Kc3 Rb8 26. Kxc4 1/2-1/2

[Event "CZE-chT2A 1314"]
[Site "Czech Republic"]
[Date "2014.03.23"]
[Round "10.4"]
[White "Lacina, Filip"]
[Black "Jaros, Martin"]
[Result "1/2-1/2"]
[WhiteElo "2085"]
[BlackElo "2204"]
[PlyCount "89"]
[EventDate "2013.11.03"]
[EventType "team-tourn"]
[EventRounds "11"]
[EventCountry "CZE"]
[SourceTitle "EXT 2015"]
[Source "ChessBase"]
[SourceDate "2014.11.20"]
[SourceVersion "1"]
[SourceVersionDate "2014.11.20"]
[SourceQuality "1"]
[WhiteTeam "Vysehrad II"]
[BlackTeam "Kozolupy"]
[WhiteTeamCountry "CZE"]
[BlackTeamCountry "CZE"]

1. Nf3 Nf6 2. d3 g6 3. Nbd2 Bg7 4. g3 0-0 5. Bg2 c5 6. e4 Nc6 7. 0-0 d5 8. c3 e5 9. Re1 d4 10. Nc4 Re8 11. a4 b6 12. Bg5 Rb8 13. b4 h6 14. Bxf6 Qxf6 15. b5 Nd8 16. cxd4 cxd4 17. Nfd2 Nb7 18. f4 exf4 19. e5 Qf5 20. Be4 Qg5 21. Nf3 Qg4 22. Nxd4 fxg3 23. Qxg4 gxh2+ 24. Kxh2 Bxg4 25. Bxb7 Rxb7 26. Nd6 Bxe5+ 27. Kg2 Bxd6 28. Rxe8+ Kg7 29. Nc6 Bd7 30. Rd8 h5 31. Rh1 Rc7 32. Re1 Bxc6+ 33. bxc6 Rxc6 34. Rd7 a6 35. d4 Bb4 36. Re8 b5 37. axb5 axb5 38. Rb8 Bc3 39. Rxb5 Kf6 40. Rbb7 Kg5 41. Rbc7 Rxc7 42. Rxc7 Bxd4 43. Rxf7 Kg4 44. Rf8 Be5 45. Rg8 1/2-1/2

[Event "CZE-chT2A 1314"]
[Site "Czech Republic"]
[Date "2014.01.19"]
[Round "6.4"]
[White "Cap, Adam"]
[Black "Lacina, Filip"]
[Result "1-0"]
[WhiteElo "2075"]
[BlackElo "2085"]
[PlyCount "99"]
[EventDate "2013.11.03"]
[EventType "team-tourn"]
[EventRounds "11"]
[EventCountry "CZE"]
[SourceTitle "EXT 2015"]
[Source "ChessBase"]
[SourceDate "2014.11.20"]
[SourceVersion "1"]
[SourceVersionDate "2014.11.20"]
[SourceQuality "1"]
[WhiteTeam "Kladno"]
[BlackTeam "Vysehrad II"]
[WhiteTeamCountry "CZE"]
[BlackTeamCountry "CZE"]

1. e4 c6 2. d4 d5 3. Nc3 dxe4 4. Nxe4 Bf5 5. Ng3 Bg6 6. h4 h6 7. h5 Bh7 8. Nf3 Nd7 9. Bd3 Bxd3 10. Qxd3 e6 11. Bd2 Ngf6 12. 0-0-0 Qc7 13. Ne4 0-0-0 14. g3 Nc5 15. Nxc5 Bxc5 16. Bf4 Bd6 17. Bxd6 Rxd6 18. c4 c5 19. Qa3 Ra6 20. Qxc5 Qxc5 21. dxc5 Rxa2 22. Ne5 Rf8 23. c6 bxc6 24. Nxc6 Kc7 25. Kb1 Ra4 26. b3 Ra6 27. Ne5 Rb8 28. Rd3 Rd6 29. Kc2 Rxd3 30. Nxd3 Ne4 31. Re1 Nd6 32. Ra1 Ra8 33. Ra6 f6 34. Nf4 Kd7 35. Nxe6 Ne4 36. Nxg7 Nxf2 37. Rxf6 Ne4 38. Rxh6 Nxg3 39. Ra6 Ne4 40. b4 Nd6 41. c5 Nb5 42. Kd3 Nc7 43. Rd6+ Ke7 44. Nf5+ Kf7 45. Rd7+ Kf6 46. Rxc7 Kxf5 47. h6 a5 48. b5 a4 49. b6 a3 50. Ra7 1-0

[Event "Tabor op"]
[Site "Tabor"]
[Date "2013.07.29"]
[Round "2"]
[White "Hlavsa, Filip"]
[Black "Lacina, Filip"]
[Result "0-1"]
[WhiteElo "1881"]
[BlackElo "2072"]
[PlyCount "56"]
[EventDate "2013.07.28"]
[EventType "swiss"]
[EventRounds "9"]
[EventCountry "CZE"]
[SourceTitle "CBM 155 Extra"]
[Source "ChessBase"]
[SourceDate "2013.08.26"]
[SourceVersion "1"]
[SourceVersionDate "2013.08.26"]
[SourceQuality "1"]

1. d4 d5 2. c4 e6 3. Nc3 c5 4. cxd5 exd5 5. Nf3 Nc6 6. e3 Nf6 7. Be2 Bd6 8. 0-0 0-0 9. Nb5 Be7 10. dxc5 Bxc5 11. Bd2 a6 12. Nbd4 Qd6 13. Rc1 Ba7 14. a3 Ne4 15. b4 Bg4 16. Nxc6 bxc6 17. Nd4 Bd7 18. Re1 Bb6 19. Nb3 Rfe8 20. Bc3 Re6 21. Bd4 Rh6 22. g3 Nxf2 23. Kxf2 Rxh2+ 24. Kf3 Bg4+ 25. Kxg4 Qg6+ 26. Kf4 Bc7+ 27. Be5 Qf6+ 28. Kg4 h5# 0-1

[Event "CZE-chT2C 1213"]
[Site "Czech Republic"]
[Date "2013.02.17"]
[Round "9.7"]
[White "Stolba, Milos"]
[Black "Lacina, Filip"]
[Result "1-0"]
[WhiteElo "2149"]
[BlackElo "2067"]
[PlyCount "67"]
[EventDate "2012.10.14"]
[EventType "team-tourn"]
[EventRounds "11"]
[EventCountry "CZE"]
[SourceTitle "EXT 2015"]
[Source "ChessBase"]
[SourceDate "2014.11.20"]
[SourceVersion "1"]
[SourceVersionDate "2014.11.20"]
[SourceQuality "1"]
[WhiteTeam "Kutna Hora"]
[BlackTeam "Vysehrad II"]
[WhiteTeamCountry "CZE"]
[BlackTeamCountry "CZE"]

1. d4 d5 2. c4 e6 3. Nc3 c5 4. cxd5 exd5 5. Nf3 Nc6 6. g3 Nf6 7. Bg2 Be7 8. 0-0 0-0 9. Bg5 cxd4 10. Nxd4 h6 11. Be3 Bg4 12. h3 Be6 13. Nxe6 fxe6 14. f4 d4 15. Bxc6 dxe3 16. Bf3 Qxd1 17. Rfxd1 Rad8 18. Rxd8 Rxd8 19. Rd1 Rc8 20. Kg2 Ba3 21. Bxb7 Rc7 22. bxa3 Rxc3 23. Rd3 Rc2 24. Rxe3 Rxa2 25. Bc8 Ra1 26. Bxe6+ Kf8 27. f5 Ne8 28. Rb3 Nd6 29. g4 Ke7 30. Bd5 Kf6 31. Re3 Nb5 32. Re6+ Kg5 33. Kg3 Rxa3+ 34. Bf3 1-0

[Event "CZE-chT2C 1213"]
[Site "Czech Republic"]
[Date "2012.12.16"]
[Round "5.7"]
[White "Urbanek, Stepan"]
[Black "Lacina, Filip"]
[Result "1/2-1/2"]
[WhiteElo "2030"]
[BlackElo "2067"]
[PlyCount "81"]
[EventDate "2012.10.14"]
[EventType "team-tourn"]
[EventRounds "11"]
[EventCountry "CZE"]
[SourceTitle "EXT 2015"]
[Source "ChessBase"]
[SourceDate "2014.11.20"]
[SourceVersion "1"]
[SourceVersionDate "2014.11.20"]
[SourceQuality "1"]
[WhiteTeam "Pankrac II"]
[BlackTeam "Vysehrad II"]
[WhiteTeamCountry "CZE"]
[BlackTeamCountry "CZE"]

1. d4 d5 2. c4 e6 3. Nc3 c5 4. cxd5 exd5 5. Nf3 Nc6 6. Bg5 Nf6 7. e3 cxd4 8. Nxd4 Be7 9. Be2 0-0 10. 0-0 Bd7 11. Bf3 Rc8 12. Rc1 Ne5 13. Bxf6 Nxf3+ 14. Qxf3 Bxf6 15. Qxd5 Bc6 16. Nxc6 Rxc6 17. Rfd1 Qc8 18. Qb3 Rb6 19. Nd5 Rxb3 20. Rxc8 Rxb2 21. Nxf6+ gxf6 22. Rc7 a5 23. a4 b5 24. axb5 Rxb5 25. Ra7 Rfb8 26. g3 Rb1 27. Rxb1 Rxb1+ 28. Kg2 Ra1 29. Kf3 Ra2 30. h4 Kg7 31. g4 a4 32. Ke4 Rxf2 33. Rxa4 Kg6 34. Ra5 Rf1 35. h5+ Kh6 36. Rf5 Rxf5 37. Kxf5 Kg7 38. e4 Kh6 39. Kf4 Kg7 40. Kf5 Kh6 41. Kxf6 1/2-1/2

[Event "CZE-chT2C 1112"]
[Site "Czech Republic"]
[Date "2012.03.25"]
[Round "10.8"]
[White "Routner, Jakub"]
[Black "Lacina, Filip"]
[Result "1-0"]
[WhiteElo "2103"]
[BlackElo "2050"]
[PlyCount "81"]
[EventDate "2011.10.09"]
[EventType "team-tourn"]
[EventRounds "11"]
[EventCountry "CZE"]
[SourceTitle "EXT 2013"]
[Source "ChessBase"]
[SourceDate "2012.11.22"]
[SourceVersion "1"]
[SourceVersionDate "2012.11.22"]
[SourceQuality "1"]
[WhiteTeam "Kobylisy"]
[BlackTeam "Vysehrad II"]
[WhiteTeamCountry "CZE"]
[BlackTeamCountry "CZE"]

1. e4 c6 2. d4 d5 3. exd5 cxd5 4. c3 a6 5. Bf4 Nf6 6. Bd3 Nc6 7. h3 g6 8. Nd2 Bg7 9. Ngf3 Nh5 10. Bh2 Bh6 11. Ne5 Bf4 12. Bxf4 Nxf4 13. Qf3 Nxd3+ 14. Nxd3 0-0 15. 0-0 b6 16. Nf4 e6 17. Rfe1 a5 18. Qe3 Qd6 19. Nf3 Ba6 20. Nh2 Ne7 21. Rad1 Nf5 22. Qf3 Rae8 23. g4 Nh4 24. Qe3 g5 25. Nh5 Qd8 26. f4 f6 27. Rd2 Ng6 28. Rf2 gxf4 29. Nxf4 Nxf4 30. Rxf4 e5 31. dxe5 Rxe5 32. Qd2 Rfe8 33. Rxe5 fxe5 34. Rf5 Qd6 35. Nf3 e4 36. Rg5+ Kf8 37. Ne5 Ke7 38. Rg7+ Ke6 39. Qh6+ Kxe5 40. Rg5+ Kf4 41. Rf5+ 1-0

[Event "Prague op-A 11th"]
[Site "Prague"]
[Date "2012.01.13"]
[Round "1"]
[White "Farevaag, Evy"]
[Black "Lacina, Filip"]
[Result "1/2-1/2"]
[WhiteElo "1725"]
[BlackElo "2043"]
[PlyCount "62"]
[EventDate "2012.01.13"]
[EventType "swiss"]
[EventRounds "9"]
[EventCountry "CZE"]
[SourceTitle "CBM 146 Extra"]
[Source "ChessBase"]
[SourceDate "2012.02.29"]
[SourceVersion "1"]
[SourceVersionDate "2012.02.29"]
[SourceQuality "1"]

1. d4 Nf6 2. e3 d6 3. Bd3 Nbd7 4. f4 e5 5. fxe5 dxe5 6. Nd2 Bd6 7. Ngf3 Qe7 8. e4 exd4 9. Nxd4 Ne5 10. N2f3 h6 11. 0-0 Bg4 12. Kh1 0-0-0 13. Be3 Kb8 14. Qe2 Rhe8 15. Qf2 Bxf3 16. Nxf3 a6 17. Rab1 Nfg4 18. Qe2 Nxe3 19. Qxe3 Bc5 20. Qe2 Ng4 21. h3 Nf6 22. Rfe1 Nh5 23. Kh2 Nf4 24. Qf1 Ng6 25. Kh1 Ne5 26. a3 g5 27. b4 Bd6 28. Bxa6 bxa6 29. Qxa6 Nxf3 30. Qb5+ Kc8 31. Qa6+ Kb8 1/2-1/2

[Event "CZE-chT2C 1112"]
[Site "Czech Republic"]
[Date "2011.11.06"]
[Round "2.8"]
[White "Lacina, Filip"]
[Black "Horak, Vladimir"]
[Result "1-0"]
[WhiteElo "2050"]
[BlackElo "2012"]
[PlyCount "67"]
[EventDate "2011.10.09"]
[EventType "team-tourn"]
[EventRounds "11"]
[EventCountry "CZE"]
[SourceTitle "EXT 2013"]
[Source "ChessBase"]
[SourceDate "2012.11.22"]
[SourceVersion "1"]
[SourceVersionDate "2012.11.22"]
[SourceQuality "1"]
[WhiteTeam "Vysehrad II"]
[BlackTeam "Vlasim"]
[WhiteTeamCountry "CZE"]
[BlackTeamCountry "CZE"]

1. e4 e6 2. d4 d5 3. Nc3 dxe4 4. Nxe4 Bd7 5. Nf3 Bc6 6. Bd3 Nd7 7. 0-0 Ngf6 8. Ng3 Be7 9. Re1 Bxf3 10. Qxf3 c6 11. c3 0-0 12. Re2 Re8 13. Bg5 Qa5 14. Bxf6 Bxf6 15. a4 Nf8 16. Ne4 Be7 17. b4 Qc7 18. a5 Ng6 19. g3 Rad8 20. Rae1 b6 21. axb6 axb6 22. h4 c5 23. h5 Nf8 24. Bb5 Nd7 25. bxc5 bxc5 26. h6 f5 27. Nxc5 Bxc5 28. dxc5 Qxc5 29. Bxd7 Rxd7 30. Rxe6 Rxe6 31. Rxe6 Kf7 32. hxg7 Kxg7 33. Qh5 Ra7 34. Qg5+ 1-0